000 00672nam a2200169 a 4500
001 BRCA_2114
005 20190320203656.0
008 120808s1991----mx-#---###---#000-0#spa-#
050 4 _aF1391.P8
_b.L43 57
_c1991
100 1 _aHuerta Jaramillo, Ana María Dolores
_96399
245 1 0 _aLa educación en Puebla a mediados del siglo XIX
_bel caso de la escuela elemental
_cAna María Huerta Jaramillo.
260 _aMéxico
_bGobierno del Estado de Puebla : Secretaría de Cultura : Comisión Puebla V Centenario
_c1991
300 _a23 p.
_c21 cm.
440 0 _aLecturas Históricas de Puebla
_n57
_96400
651 4 _aPuebla (México)
_xHistoria
_ySiglo XIX
_96401
942 _2lcc
_cB
999 _c1871
_d1871